000 00339nam a2200145Ia 4500
003 Ost
005 20260225132538.0
008 260225s9999||||xx |||||||||||||| ||und||
040 _cfsic
041 _afre
082 _a621.381
245 0 _aLa minoir et la puce :
245 0 _bla troisième révolution industrielle /
942 _cكتاب
999 _c33326
_d33326